Long-term residency in caravan parks in Victoria : final report, November 1983 /

Збережено в:
Бібліографічні деталі
Співавтори: Victoria. Committee of Review on Long-term Residency in Caravan Parks, Victoria. Ministry of Housing, Victoria. Dept. of Community Welfare Services
Інші автори: Bateman, Janice Gwendoline, 1935-
Формат: Книга
Мова:English
Опубліковано: [Melbourne : Dept. of Community Welfare Services : Ministry of Housing], 1983.
Предмети:
LEADER 01528nam a2200349 a 4500
001 c000019029
003 CARM
005 20010913142502.0
008 840131s1983 at ab b s000 0 eng d
019 1 |a 3028769  |5 LACONCORD2021 
020 |a 0724149082 :  |c price unknown 
035 |a (OCoLC)27561649  |5 LACONCORD2021 
040 |a ANB  |b eng  |c ANB  |d DBM:B 
042 |a anuc 
043 |a u-at-vi 
082 0 4 |a 647/.9494508 
110 1 |a Victoria.  |b Committee of Review on Long-term Residency in Caravan Parks. 
245 1 0 |a Long-term residency in caravan parks in Victoria :  |b final report, November 1983 /  |c Committee of Review on Long-term Residency in Caravan Parks. 
260 |a [Melbourne :  |b Dept. of Community Welfare Services : Ministry of Housing],  |c 1983. 
300 |a ii, 209 p. :  |b ill., 2 maps ;  |c 30 cm. 
500 |a Caravanning. Sites. Long-term tenancies. Victoria. Inquiry reports (ANB/PRECIS SIN 0717835) 
500 |a Cover title. 
500 |a Chairman: Janice G. Bateman. 
504 |a Bibliography: p. 202-209. 
650 0 |a Camp sites, facilities, etc.  |z Victoria. 
650 0 |a Trailer camps  |z Victoria. 
700 1 |a Bateman, Janice Gwendoline,  |d 1935- 
710 1 |a Victoria.  |b Ministry of Housing. 
710 1 |a Victoria.  |b Dept. of Community Welfare Services. 
852 8 |b CARM  |h A2:AL05E0  |i D05307  |p 0204182  |f BK 
999 f f |i 1105f68d-a2e3-5451-9e6e-d6175a878f63  |s 1c1677e0-9e87-59dc-883a-34ad9711b953 
952 f f |p Can circulate  |a CAVAL  |b CAVAL  |c CAVAL  |d CARM 1 Store  |e D05307  |f A2:AL05E0  |h Other scheme  |i book  |m 0204182